000 01079nam0a22002531 4500
001 rc\2802527
005 20250529175120.0
035 _a(NLR Aleph) 006928540
090 _a7522729
_c7522729
100 _a20110915d1936 |||y0rusy50 ca
101 0 _arus
102 _aRU
105 _aa z |||||
200 1 _aЦепно-долбежный станок с механической подачей, его испытание и работа на нем
_fСт. науч. сотрудник Ф. Н. Масленков, С. С. Лугарев
_gЦентр. науч.-иссл. ин-т механич. обработки дерева "ЦНИИМОД"
210 _aМосква
_cГослесотехиздат
_d1936
_e[Калуга]
_gтип. Мособлполиграфа
215 _aОбл., 42, [2] с.
_cил.
_d23х15 см.
700 1 _aМасленков
_bФ.Н.
_gФедор Николаевич
701 1 _aЛугарев
_bС.С.
801 0 _aRU
_bNLR
_gpsbo
801 1 _aRU
_bELAR
_2rusmarc
852 _aNLR
_j36-11/1869
942 _cBOOK
980 _aNB